[Event "SLO Cup"]
[Site "Otocec"]
[Date "2009.05.23"]
[Round "3"]
[White "Topic, Jelena"]
[Black "Matovina, Ziga"]
[Result "1-0"]
[WhiteElo "1967"]
[BlackElo "1586"]
[PlyCount "45"]
[EventDate "2009.05.22"]
[EventType "team-tourn"]
[EventRounds "5"]
[EventCountry "SLO"]
[SourceTitle "CBM 130 Extra"]
[Source "ChessBase"]
[SourceDate "2009.07.02"]
[SourceVersion "2"]
[SourceVersionDate "2009.07.15"]
[SourceQuality "1"]

1. e4 e6 2. d3 d5 3. Nd2 c5 4. g3 Nc6 5. Bg2 g6 6. Ngf3 Bg7 7. 0-0 Nge7 8. Re1 0-0 9. c3 b6 10. Nf1 Ba6 11. e5 Qc7 12. Bf4 b5 13. h4 c4 14. d4 Bb7 15. Ne3 Qd8 16. Ng4 Nf5 17. Bg5 Qb6 18. Nf6+ Bxf6 19. Bxf6 h6 20. Bh3 Ng7 21. Qd2 Kh7 22. Nh2 Nh5 23. Ng4 1-0